|
|
|
|
| LEADER |
00000naa2a2200000 4500 |
| 001 |
178117 |
| 005 |
20231031165814.0 |
| 035 |
|
|
|a (RuTPU)RU\TPU\book\193104
|
| 090 |
|
|
|a 178117
|
| 100 |
|
|
|a 20100402d2008 k y0rusy50 ca
|
| 101 |
0 |
|
|a rus
|
| 102 |
|
|
|a RU
|
| 200 |
1 |
|
|a Особенности миграции урана в различных типах природных вод
|f А. А. Балобаненко
|g науч. рук. Е. М. Дутова
|
| 320 |
|
|
|a Библиогр.: 8 назв.
|
| 463 |
|
0 |
|0 (RuTPU)RU\TPU\book\164908
|y 5-89503-079-3
|t Проблемы геологии и освоения недр
|o труды XII Международного симпозиума имени академика М. А. Усова студентов и молодых ученых, посвященного 100-летию первого выпуска горных инженеров в Сибири и 90-летию создания Сибгеолкома в России
|f Томский политехнический университет (ТПУ), Институт геологии и нефтегазового дела (ИГНД)
|v С. 237-240
|d 2008
|p 944 с.
|
| 610 |
1 |
|
|a уран
|
| 610 |
1 |
|
|a природные воды
|
| 610 |
1 |
|
|a миграция
|
| 610 |
1 |
|
|a подземные воды
|
| 610 |
1 |
|
|a минерализация
|
| 610 |
1 |
|
|a распространённость
|
| 610 |
1 |
|
|a труды учёных ТПУ
|
| 700 |
|
1 |
|a Балобаненко
|b А. А.
|
| 702 |
|
1 |
|a Дутова
|b Е. М.
|c гидрогеолог
|c профессор Томского политехнического университета, доктор геолого-минералогических наук
|f 1956-
|g Екатерина Матвеевна
|2 stltpush
|4 727
|
| 801 |
|
1 |
|a RU
|b 63413507
|c 20100402
|
| 801 |
|
2 |
|a RU
|b 63413507
|c 20170411
|g RCR
|
| 942 |
|
|
|c BK
|